000 00327nam a2200133Ia 4500
005 20251222153522.0
008 251222s9999||||xx |||||||||||||| ||spa||
020 _a968-880-351-0
082 _a658/S82
100 _aStoner, James A. F.Freeman, Edward R.
245 0 _aAdministración
264 _bPrentice Hall
942 _cLIB
999 _c29745
_d29745